IFRS TORT - Statistiques

Statistiques générales
  • Ce quiz a été pris 9 fois
  • Le résultat moyen est 4 sur 10
Statistiques - réponses
Question Réponse % Correct
Selon IAS 19, les écarts actuariels sont comptabilisés Directement dans les CP en autres éléments du résultat global (OCI)
80%
L'impôt différé à constater par le groupe B au titre du retraitement d'homogénéisation conduisant à une diminution de 60 k€ de la charge d'amortissement dans le compte de résultat consiste à l'enregistrement (taux d'IS 33%) D'une charge d'impôt différé de 20 k€
60%
En france, les indemnités de fin de carrière (IFC) constituent au regard d'IAS 19 des avantages postérieurs à l'emploi en régime : A préstations définies
40%
Pour la determination des engagements de retraite, IAS 19 prévoit l'application d'une méthode générale sauf exception, à savoir : La méthode rétrospective, dite des unités de crédit projetées
40%
Les trois principales origines des impôts différés sont (3 choix) Les impôts différés "dits sociaux" provenant des décalages temporaires entre résultat comptable et résultat fiscal des entités individuelles
40%
En plus des impôts exigibles comptabilisés dans les comptes individuels, les impôts différés relatifs aux différences temporelles doivent être (3 choix): Obligatoirement comptabilisés dans les comptes consolidés
40%
L'impact des variations de taux d'impôts sur le solde d'impôt différé d'ouverture est enregistré Dans les CP consolidés selon la règle de la symétrie applicable en matière d'impôt différé
20%
La norme IAS 19 "avantages au personnel" prescrit (2 choix) La distinction de 4 catégories (avantages court terme, long terme, indemnités de fin de contrat et avantages postérieurs à l'emploi)
20%
En consolidation, la preuve d'impôt consiste à : Rapprocher la charge d'impôt comptabilisés avec la charge d'impôt théorique
20%
Selon la version actuelle d'IAS 37 relatifs "aux passifs", la comptabilisation des parfis comporte les éléments suivants (3 choix) : La distinction entre passifs, provisions et passifs éventuels
0%
Aucun quiz correspondant
Distribution des résultats
% des personnes avec chaque résultat
Percentile par nombre de réponses
Votre historique - résultats
Vous n’avez pas pris ce quiz